|
|
|
|
| LEADER |
01233nam a2200301 4500 |
| 001 |
DLU140165732 |
| 005 |
##20141112 |
| 040 |
# |
# |
|a DLU
|b vie
|
| 041 |
# |
# |
|a vie
|
| 044 |
# |
# |
|a vn
|
| 082 |
# |
# |
|a 579.362
|b TR-M
|
| 100 |
# |
# |
|a Trần Thị Thanh Mai.
|
| 245 |
# |
# |
|a Xây dựng quy trình nuôi cấy thu sinh khối vi khuẩn Bacillus Megaterium bằng phương pháp lên men trong Fermentor :
|b Tóm tắt Luận văn Thạc sĩ Sinh học Thực nghiệm /
|c Trần Thị Thanh Mai; Đào Xuân Vinh hướng dẫn.
|
| 260 |
# |
# |
|a Đà Lạt :
|b Trường Đại học Đà lạt,
|c 2013.
|
| 300 |
# |
# |
|a 24 tr. :
|b minh hoạ ;
|c 21 cm.
|
| 505 |
# |
# |
|a Chương I. Tổng quan tài liệu -- Chương II. Đối tượng và phương pháp nghiên cứu -- Chương III. Kết quả và bàn luận.
|
| 650 |
# |
# |
|a Bacillus megaterium
|x Công nghệ sinh học.
|
| 700 |
# |
# |
|a Đào Xuân Vinh,
|c TS.
|e hướng dẫn.
|
| 915 |
# |
# |
|a Sinh học Thực nghiệm
|c Thạc sĩ
|d Trường Đại học Đà lạt
|e Bộ Giáo dục và Đào tạo.
|
| 992 |
# |
# |
|a 0
|
| 994 |
# |
# |
|a DLU
|
| 900 |
# |
# |
|a True
|
| 911 |
# |
# |
|a Đào Thị Thu Huyền
|
| 925 |
# |
# |
|a G
|
| 926 |
# |
# |
|a A
|
| 927 |
# |
# |
|a LA
|
| 980 |
# |
# |
|a Thư viện Trường Đại học Đà Lạt
|